|
|
|
|
| LEADER |
00000nab a2200000 a 4500 |
| 001 |
vtls000143910 |
| 003 |
SK-MaSNL |
| 005 |
20260303025727.0 |
| 008 |
111104c1982 xo 0 slo |
| 015 |
|
|
|a SNBRB19rr/mm-uuuuu
|
| 035 |
|
|
|a CL0154017
|
| 040 |
|
|
|a SNKBUCL
|b slo
|c SNKBUCL
|e AACR2
|
| 041 |
0 |
|
|a slo
|
| 044 |
|
|
|a xo
|c SK
|
| 080 |
|
|
|a 82:061.3:82.09
|2 1981
|
| 080 |
|
|
|a 061.3
|2 1981
|
| 080 |
|
|
|a 82.09
|2 1981
|
| 080 |
|
|
|a 82
|2 1981
|
| 080 |
|
|
|a 885.4
|2 1981
|
| 080 |
|
|
|a 82.01
|2 1981
|
| 080 |
|
|
|a 82.01.09
|2 1981
|
| 245 |
0 |
0 |
|a Kritická diskusia o knihe Františka Miku
|
| 300 |
|
|
|b Nedeľa, príloha Nového slova, č. 26, s. 2. Fot. 1.
|
| 600 |
1 |
7 |
|a Miko, František,
|d 1920-2010
|2 snkbucl
|9 198912
|
| 655 |
|
7 |
|a články z novín a časopisov
|2 snkbucl
|9 267496
|
| 655 |
|
7 |
|a články z odboru literárna veda a krásna literatúra
|2 snkbucl
|9 770045
|
| 773 |
0 |
|
|t Nové slovo
|g Roč. 24, č. 51 (1982)
|
| 850 |
|
|
|a Slovenská národná knižnica v Martine
|a MTA001
|
| 852 |
|
|
|a SNK
|b KIS3GCP
|
| 958 |
|
|
|a RK
|
| 958 |
|
|
|a LX
|
| 992 |
|
|
|a RBX
|
| 999 |
|
|
|c 1648013
|d 1649943
|